[Event "Las Americas U1800 rapid op"]
[Site "Tornelo INT"]
[Date "2023.01.15"]
[Round "7"]
[White "Grandes Delgado, Joseph Andres"]
[Black "Guinzo Vera, Freiser Rony"]
[Result "0-1"]
[WhiteElo "1226"]
[BlackElo "1613"]
[PlyCount "36"]
[EventDate "2023.01.14"]
[EventType "swiss (rapid)"]
[EventRounds "7"]
[EventCountry "VEN"]
[SourceTitle "CBM 212 Extra"]
[Source "ChessBase"]
[SourceDate "2023.03.31"]
[SourceVersion "1"]
[SourceVersionDate "2023.03.31"]
[SourceQuality "1"]

1. e4 e6 2. d4 d5 3. exd5 exd5 4. Nf3 Bd6 5. Bd3 Bg4 6. Be3 Nc6 7. c3 Nge7 8. h3 Bh5 9. Nbd2 Qd7 10. Qc2 f5 11. Bg5 0-0 12. 0-0 h6 13. Bxe7 Nxe7 14. Rae1 Ng6 15. g4 fxg4 16. Bxg6 gxf3 17. Bxh5 Qxh3 18. Nxf3 Rxf3 0-1

[Event "Las Americas U1800 rapid op"]
[Site "Tornelo INT"]
[Date "2023.01.14"]
[Round "2"]
[White "Santana Espin, Emilio Ezequiel"]
[Black "Guinzo Vera, Freiser Rony"]
[Result "0-1"]
[WhiteElo "1047"]
[BlackElo "1613"]
[PlyCount "30"]
[EventDate "2023.01.14"]
[EventType "swiss (rapid)"]
[EventRounds "7"]
[EventCountry "VEN"]
[SourceTitle "CBM 212 Extra"]
[Source "ChessBase"]
[SourceDate "2023.03.31"]
[SourceVersion "1"]
[SourceVersionDate "2023.03.31"]
[SourceQuality "1"]

1. e4 e6 2. d4 d5 3. e5 c5 4. c3 Nc6 5. Nf3 Qb6 6. Bd3 Bd7 7. 0-0 cxd4 8. Re1 Nge7 9. h4 dxc3 10. Nxc3 Nb4 11. Bf1 Nf5 12. a3 Nc6 13. Bd3 Bc5 14. Na4 Bxf2+ 15. Kf1 Ng3# 0-1

[Event "Las Americas Team op U2400 Hybrid"]
[Site "Internet"]
[Date "2022.05.14"]
[Round "2.8"]
[White "Guinzo Vera, Freiser Rony"]
[Black "Huichi Ancasi, Sergio Andre"]
[Result "1/2-1/2"]
[WhiteElo "1621"]
[BlackElo "1501"]
[PlyCount "63"]
[EventDate "2022.05.14"]
[EventType "team-swiss"]
[EventRounds "5"]
[EventCountry "VEN"]
[SourceTitle "EXT 2023"]
[Source "ChessBase"]
[SourceDate "2022.10.05"]
[SourceVersion "1"]
[SourceVersionDate "2022.10.05"]
[SourceQuality "1"]

1. Nf3 c5 2. g3 Nc6 3. Bg2 d5 4. c4 Nf6 5. 0-0 e6 6. d4 dxc4 7. Qa4 cxd4 8. Nxd4 Qxd4 9. Bxc6+ Bd7 10. Bxd7+ Qxd7 11. Qxc4 Rc8 12. Qb3 Bc5 13. Nc3 0-0 14. Bg5 Ng4 15. Ne4 b6 16. Qf3 Ne5 17. Qh5 Ng6 18. Qf3 Ne5 19. Qg2 Qb5 20. Nxc5 bxc5 21. Qe4 Qxb2 22. Rac1 Qd4 23. Qb7 Qg4 24. Be7 Rfe8 25. Rfe1 Qh5 26. Rxc5 Rxc5 27. Bxc5 Ng4 28. Bxa7 Qxh2+ 29. Kf1 e5 30. Qg2 Qh6 31. Bc5 e4 32. a3 1/2-1/2

[Event "ECU-ch"]
[Site "Banos de Agua Santa"]
[Date "2020.03.14"]
[Round "8"]
[White "Narvaez Carvajal, Jose"]
[Black "Guinzo Vera, Freiser Rony"]
[Result "1-0"]
[WhiteElo "1981"]
[BlackElo "1549"]
[PlyCount "123"]
[EventDate "2020.03.10"]
[EventType "swiss"]
[EventRounds "9"]
[EventCountry "ECU"]
[SourceTitle "CBM 195 Extra"]
[Source "ChessBase"]
[SourceDate "2020.05.31"]
[SourceVersion "1"]
[SourceVersionDate "2020.05.31"]
[SourceQuality "1"]

1. e4 e6 2. d4 d5 3. Bd3 dxe4 4. Bxe4 Nf6 5. Bf3 c5 6. Ne2 Be7 7. 0-0 0-0 8. Nbc3 Nc6 9. Be3 cxd4 10. Nxd4 Ne5 11. Ndb5 Bd7 12. Be2 a6 13. Nd4 Rc8 14. Nf3 Nc4 15. Bxc4 Rxc4 16. Ne5 Rc8 17. Qf3 Qc7 18. Nxd7 Qxd7 19. Rfd1 Qc6 20. Qe2 Rfd8 21. Rxd8+ Rxd8 22. Rd1 b5 23. Rxd8+ Bxd8 24. Qd3 Qd7 25. Qxd7 Nxd7 26. Bd4 e5 27. Ba7 Nb6 28. b3 f5 29. Bxb6 Bxb6 30. Nd5 Bc5 31. Nc7 b4 32. Nxa6 Bd6 33. Kf1 Kf7 34. Ke2 Ke6 35. Kd3 Kd5 36. c4+ Kc6 37. f3 Kb6 38. c5+ Bxc5 39. Kc4 Bg1 40. Nxb4 Bxh2 41. Nd5+ Kb7 42. b4 Bg1 43. a4 g6 44. b5 e4 45. fxe4 fxe4 46. Nf6 e3 47. Kd3 Kb6 48. Nxh7 Ka5 49. Nf8 Kxa4 50. b6 e2 51. Kxe2 Bxb6 52. Nxg6 Kb5 53. Kd3 Kc6 54. Ke4 Kd7 55. Kf5 Ke8 56. Ke6 Be3 57. g4 Bc1 58. Kf6 Bb2+ 59. Ne5 Bxe5+ 60. Kxe5 Kf7 61. Kf5 Kg7 62. Kg5 1-0

[Event "ECU-ch U20"]
[Site "Guayaquil"]
[Date "2020.02.23"]
[Round "8"]
[White "Guinzo Vera, Freiser Rony"]
[Black "Simba Fonte, Ariel"]
[Result "1/2-1/2"]
[WhiteElo "1504"]
[BlackElo "1465"]
[PlyCount "72"]
[EventDate "2020.02.19"]
[EventType "swiss"]
[EventRounds "9"]
[EventCountry "ECU"]
[SourceTitle "CBM 195 Extra"]
[Source "ChessBase"]
[SourceDate "2020.05.31"]
[SourceVersion "1"]
[SourceVersionDate "2020.05.31"]
[SourceQuality "1"]

1. Nf3 e6 2. g3 Nf6 3. Bg2 d5 4. c4 c5 5. 0-0 Nc6 6. d3 Be7 7. Nc3 0-0 8. a3 d4 9. Na2 Re8 10. Rb1 a5 11. Bd2 Qc7 12. Qc2 a4 13. b4 axb3 14. Rxb3 Ra7 15. Rfb1 e5 16. Qb2 h6 17. Nc1 Bf8 18. Rb5 Nd7 19. e3 b6 20. Bh3 Ncb8 21. exd4 exd4 22. Bf4 Bd6 23. Ne2 Bb7 24. Bg2 Bc6 25. a4 Bxb5 26. axb5 Ne5 27. Bxe5 Bxe5 28. Nxe5 Rxe5 29. Nf4 Qe7 30. h4 Re1+ 31. Kh2 g5 32. Nd5 Qe6 33. Bh3 Rxb1 34. Qxb1 Qe2 35. Qf1 Qxf1 36. Bxf1 Ra2 1/2-1/2

[Event "ECU-ch U20"]
[Site "Guayaquil"]
[Date "2020.02.22"]
[Round "6"]
[White "Guinzo Vera, Freiser Rony"]
[Black "Quinde Rizzo, Hugo Josue"]
[Result "1-0"]
[WhiteElo "1504"]
[BlackElo "1539"]
[PlyCount "52"]
[EventDate "2020.02.19"]
[EventType "swiss"]
[EventRounds "9"]
[EventCountry "ECU"]
[SourceTitle "CBM 195 Extra"]
[Source "ChessBase"]
[SourceDate "2020.05.31"]
[SourceVersion "1"]
[SourceVersionDate "2020.05.31"]
[SourceQuality "1"]

1. Nf3 Nf6 2. g3 b6 3. Bg2 Bb7 4. 0-0 e6 5. c4 Be7 6. Nc3 0-0 7. d4 Ne4 8. Qc2 Nxc3 9. Qxc3 d6 10. Rd1 d5 11. Bf4 Nd7 12. cxd5 Bxd5 13. Qxc7 Qe8 14. Ne5 Nxe5 15. Bxd5 exd5 16. Qxe5 Qd7 17. Qe3 Rfe8 18. Qd3 Bf6 19. Rac1 g5 20. Bd2 Kg7 21. Qf3 Re4 22. e3 Kg6 23. Rc2 Rc8 24. Rxc8 Qxc8 25. Rc1 Qd7 26. Qe2 h5 1-0

[Event "ECU-ch U20"]
[Site "Guayaquil"]
[Date "2020.02.21"]
[Round "5"]
[White "Ramos Bayas, David Santiago"]
[Black "Guinzo Vera, Freiser Rony"]
[Result "1/2-1/2"]
[WhiteElo "1801"]
[BlackElo "1504"]
[PlyCount "93"]
[EventDate "2020.02.19"]
[EventType "swiss"]
[EventRounds "9"]
[EventCountry "ECU"]
[SourceTitle "CBM 195 Extra"]
[Source "ChessBase"]
[SourceDate "2020.05.31"]
[SourceVersion "1"]
[SourceVersionDate "2020.05.31"]
[SourceQuality "1"]

1. c4 Nf6 2. Nc3 e6 3. e4 d5 4. e5 Nfd7 5. cxd5 Nxe5 6. d4 Ng6 7. Bb5+ c6 8. dxc6 Nxc6 9. Nf3 Be7 10. 0-0 0-0 11. Be3 Bd7 12. Qe2 Nb4 13. Bc4 Bc6 14. Ne5 Nxe5 15. dxe5 Nd5 16. Bxd5 Bxd5 17. Rfd1 Qa5 18. Nxd5 exd5 19. Qg4 Rfe8 20. e6 Bf6 21. exf7+ Kxf7 22. Qh5+ Kg8 23. Rxd5 Qc7 24. Rc5 Qf7 25. Qxf7+ Kxf7 26. Rc7+ Re7 27. Rac1 Rd8 28. Rxe7+ Kxe7 29. g3 Rd5 30. b3 a6 31. Rc7+ Rd7 32. Rxd7+ Kxd7 33. Kg2 Kc6 34. Kf3 Kd5 35. h4 b5 36. Ke2 h5 37. Kd3 g6 38. Bd2 Bd4 39. f3 Bf6 40. Bc3 Bd8 41. Ke3 Bb6+ 42. Kf4 Bd8 43. Be1 Kd4 44. Bf2+ Kd3 45. Be1 Ke2 46. Bc3 Bc7+ 47. Kg5 1/2-1/2

[Event "ECU-ch U20"]
[Site "Guayaquil"]
[Date "2020.02.19"]
[Round "2"]
[White "Gonzalez Loaiza, Roberth Alberto"]
[Black "Guinzo Vera, Freiser Rony"]
[Result "1/2-1/2"]
[WhiteElo "1499"]
[BlackElo "1504"]
[PlyCount "46"]
[EventDate "2020.02.19"]
[EventType "swiss"]
[EventRounds "9"]
[EventCountry "ECU"]
[SourceTitle "CBM 195 Extra"]
[Source "ChessBase"]
[SourceDate "2020.05.31"]
[SourceVersion "1"]
[SourceVersionDate "2020.05.31"]
[SourceQuality "1"]

1. d4 Nf6 2. c4 e6 3. Nc3 Bb4 4. Qc2 d5 5. e3 0-0 6. Bd3 b6 7. a3 Bxc3+ 8. bxc3 dxc4 9. Bxc4 Bb7 10. f3 c5 11. dxc5 Qc7 12. Ne2 Qxc5 13. Bd3 Nc6 14. Ng3 Ne5 15. Be2 Rac8 16. Bd2 Nc4 17. Bxc4 Qxc4 18. Kf2 Rfd8 19. Rhd1 Nd7 20. Kg1 Nc5 21. Rab1 Qd3 22. Qc1 Qg6 23. e4 h5 1/2-1/2